| 000 | 00993nam0a22002651 4500 | ||
|---|---|---|---|
| 001 | rc\693436 | ||
| 005 | 20031121170305.0 | ||
| 035 | _a(NLR Aleph) 005929946 | ||
| 090 |
_a6567558 _c6567558 |
||
| 100 | _a20031121d1985 u |0rusy50 ca | ||
| 101 | 0 | _arus | |
| 102 | _aRU | ||
| 105 | _aa ||||||||| | ||
| 200 | 1 |
_aТекстильное материаловедение _e(Исход. текстил. материалы) _e[Учеб. для вузов по спец. "Прядение натур. и хим. волокон"] |
|
| 205 | _a2-е изд., перераб. и доп. | ||
| 210 |
_aМ. _cЛегпромбытиздат _d1985 |
||
| 215 |
_a214 с. _cил. _d21 |
||
| 320 | _aБиблиогр. в конце глав. | ||
| 700 | 1 |
_aКукин _bГ. Н. _gГеоргий Николаевич |
|
| 701 | 1 |
_aСоловьев _bА. Н. _gАлексей Николаевич |
|
| 801 | 0 |
_aRU _bNLR _gpsbo |
|
| 801 | 1 |
_aRU _bELAR _2rusmarc |
|
| 852 |
_aNLR _j85-5/4111 |
||
| 942 | _cBOOK | ||
| 980 | _aNB | ||